| 000 | 00940cam a22003011 4500 | ||
|---|---|---|---|
| 999 |
_c127048 _d127048 |
||
| 001 | 7970187 | ||
| 003 | ARRUPE | ||
| 005 | 20171006092009.0 | ||
| 008 | 790917s1962 nyu b 000 0 eng | ||
| 010 | _a 62008461 | ||
| 035 | _a(OCoLC)5382410 | ||
| 040 |
_aDLC _cMiOC _dOCoLC _dDLC |
||
| 042 | _apremarc | ||
| 050 | 0 | 0 |
_aPN771 _b.S95 |
| 082 | _a809.04 | ||
| 100 | 1 |
_aSypher, Wylie. _936744 |
|
| 245 | 1 | 0 |
_aLoss of the self in modern literature and art. _cWylie Sypher |
| 260 |
_aNew York, _bVintage Books _c1962 |
||
| 300 |
_a179 p. _c21 cm. |
||
| 504 | _aBibliography: p. 177-179. | ||
| 650 | 0 |
_aLiterature, Modern _y20th century _xHistory and criticism. _915164 |
|
| 650 | 0 |
_aArt, Modern _y20th century. _92672 |
|
| 650 | 0 |
_aArt and science. _936745 |
|
| 650 | 0 |
_aSelf. _911306 |
|
| 906 |
_a7 _bcbc _coclcrpl _du _encip _f19 _gy-gencatlg |
||
| 942 |
_2lcc _cMONOGRAPH |
||